[Event "Int. Championship of Central Serbia - OP"]
[Site "Paracin"]
[Date "2011.07.12"]
[Round "5.1"]
[White "Tomic, Slobodan"]
[Black "Bratkovic, Jakob"]
[Result "1-0"]
[WhiteElo "2082"]
[BlackElo "1838"]
[PlyCount "103"]
[EventDate "2011.07.08"]

1. e4 e5 2. Nf3 Nc6 3. Bc4 Nf6 4. d3 Be7 5. O-O O-O 6. Nc3 d6 7. h3 Na5 8. Bb3
Nxb3 9. axb3 Be6 10. Ng5 h6 11. Nxe6 fxe6 12. f4 exf4 13. Bxf4 e5 14. Be3 d5
15. exd5 Nxd5 16. Rxf8+ Bxf8 17. Qf3 Nxc3 18. bxc3 b6 19. Rf1 Bd6 20. Bxh6 gxh6
21. Qf7+ Kh8 22. Rf6 Qf8 23. Qe6 Qxf6 24. Qxf6+ Kh7 25. Qf7+ Kh8 26. Qg6 Bc5+
27. d4 exd4 28. Qxh6+ Kg8 29. Qg6+ Kh8 30. Qf6+ Kg8 31. cxd4 Bd6 32. Qg5+ Kh8
33. Qh5+ Kg7 34. Qg4+ Kh8 35. Qh5+ Kg7 36. g4 Rh8 37. Qg5+ Kf7 38. h4 Be7 39.
Qf4+ Ke8 40. g5 Bd6 41. Qe4+ Kf7 42. Qf5+ Kg8 43. h5 Bh2+ 44. Kxh2 Rxh5+ 45.
Kg3 Rh7 46. Qc8+ Kg7 47. Kg4 a5 48. Kf5 a4 49. bxa4 c5 50. dxc5 bxc5 51. Qc7+
Kg8 52. Qxh7+ 1-0

[Event "Int. Championship of Central Serbia - OP"]
[Site "Paracin"]
[Date "2011.07.12"]
[Round "5.2"]
[White "Jovic, Slavko"]
[Black "Hrenic, Misa"]
[Result "1/2-1/2"]
[WhiteElo "1957"]
[BlackElo "2044"]
[PlyCount "64"]
[EventDate "2011.07.08"]

1. e4 e5 2. Nf3 Nc6 3. Bb5 a6 4. Ba4 Nf6 5. d3 b5 6. Bb3 Be7 7. c3 O-O 8. O-O
d5 9. Qe2 d4 10. h3 Bc5 11. Bg5 h6 12. Bh4 Qd6 13. g4 Be6 14. Bxf6 gxf6 15. Nh4
Rad8 16. Nf5 Bxf5 17. gxf5 Kh7 18. Kh2 Na5 19. Bc2 dxc3 20. Nxc3 Nc6 21. Qh5
Nd4 22. Bd1 c6 23. Rg1 Qe7 24. Ne2 Nxe2 25. Qxe2 Rg8 26. Bb3 Rg5 27. h4 Rxg1
28. Rxg1 Rg8 29. Rxg8 Kxg8 30. Qg4+ Kh7 31. Qh5 Kg7 32. Qg4+ Kh7 1/2-1/2

[Event "Int. Championship of Central Serbia - OP"]
[Site "Paracin"]
[Date "2011.07.12"]
[Round "5.3"]
[White "Radovic, Janko"]
[Black "Blagojevic, Tijana"]
[Result "0-1"]
[WhiteElo "1985"]
[BlackElo "1836"]
[PlyCount "63"]
[EventDate "2011.07.08"]

1. e4 e5 2. Nf3 Nc6 3. Bc4 Bc5 4. b4 Bb6 5. c3 Nf6 6. Qb3 O-O 7. d3 d6 8. Bg5
Qe7 9. O-O Be6 10. Nbd2 Nd8 11. Rfe1 Bxc4 12. Nxc4 Ne6 13. Bh4 Nf4 14. d4 Ng6
15. a4 c6 16. Nxb6 axb6 17. b5 Rfc8 18. bxc6 Rxc6 19. d5 Rc5 20. Qxb6 Rxc3 21.
Bg5 h6 22. Bd2 Rc4 23. Rec1 Ra6 24. Qb5 Rxc1+ 25. Rxc1 Nxe4 26. Rc8+ Kh7 27.
Ba5 Nc5 28. Rc7 Qf6 29. Nd2 Nf4 30. Bc3 Nfd3 31. Ne4 Qf4 32. Rxc5 0-1

[Event "Int. Championship of Central Serbia - OP"]
[Site "Paracin"]
[Date "2011.07.12"]
[Round "5.4"]
[White "Mirkovic, Dejan"]
[Black "Jovic, Branko"]
[Result "1-0"]
[WhiteElo "1903"]
[BlackElo "1981"]
[PlyCount "61"]
[EventDate "2011.07.08"]

1. d4 Nf6 2. Nf3 e6 3. e3 b6 4. Be2 Bb7 5. O-O Be7 6. c4 O-O 7. b3 d6 8. Bb2
Nbd7 9. Nc3 Ne4 10. Qc2 f5 11. Rad1 Qe8 12. Ne1 g5 13. f3 Nxc3 14. Bxc3 Qh5 15.
f4 g4 16. d5 Rae8 17. b4 Bf6 18. Bxf6 Nxf6 19. dxe6 Rxe6 20. Qb3 Kh8 21. c5 Qe8
22. Nc2 Be4 23. Bd3 dxc5 24. bxc5 bxc5 25. Qc3 Qe7 26. Bxe4 Rxe4 27. Rd5 Qe6
28. Rxc5 Re8 29. Rc6 Qxa2 30. Qxf6+ Kg8 31. Rxc7 1-0

[Event "Int. Championship of Central Serbia - OP"]
[Site "Paracin"]
[Date "2011.07.12"]
[Round "5.5"]
[White "Bratkovic, Sham"]
[Black "Mijovic, Cedomir"]
[Result "1/2-1/2"]
[WhiteElo "1792"]
[BlackElo "1981"]
[PlyCount "135"]
[EventDate "2011.07.08"]

1. e4 c5 2. Nf3 Nc6 3. d4 cxd4 4. Nxd4 Nf6 5. Nc3 d6 6. Bc4 e6 7. a3 Be7 8. Ba2
a6 9. Be3 Nxd4 10. Bxd4 b5 11. O-O Bb7 12. Qd3 Qc7 13. f4 Qc6 14. Rae1 Rc8 15.
Qg3 O-O 16. Kh1 Nh5 17. Qh3 Nf6 18. f5 e5 19. Bf2 Qc7 20. Bh4 Qd8 21. Bxf6 Bxf6
22. Re2 a5 23. Nxb5 Ba6 24. a4 Bxb5 25. axb5 Qb6 26. Qd3 Rc5 27. Bc4 Rfc8 28.
b3 Kf8 29. Ra1 d5 30. Bxd5 Rc3 31. Qd2 Qxb5 32. Bc4 Qb4 33. Qd7 R3xc4 34. bxc4
Qxc4 35. Qd3 a4 36. Rd2 Be7 37. Qe3 h6 38. f6 Bxf6 39. Qa3+ Be7 40. Qxa4 Qc3
41. Rad1 Bg5 42. Rd5 Bf6 43. Qb3 Qxc2 44. Qb7 Kg8 45. h3 Rf8 46. Rd7 Qf2 47.
R7d2 Qf4 48. Qb4 Bg5 49. Rd3 Qh4 50. Rf3 Qh5 51. Rdf1 Qg6 52. Qc4 Bf6 53. Qc6
Rd8 54. Kh2 Bg5 55. Qc7 Re8 56. Qxf7+ Qxf7 57. Rxf7 Bf4+ 58. R7xf4 exf4 59.
Rxf4 g5 60. Rg4 Kf7 61. h4 Kf6 62. Kg3 Ra8 63. hxg5+ hxg5 64. e5+ Kf5 65. Rb4
Ra3+ 66. Kf2 Kxe5 67. Rb5+ Kf4 68. Rb4+ 1/2-1/2

[Event "Int. Championship of Central Serbia - OP"]
[Site "Paracin"]
[Date "2011.07.12"]
[Round "5.7"]
[White "Stojanovic, Vladimir M"]
[Black "Majstorovic, Dusan"]
[Result "0-1"]
[WhiteElo "1938"]
[BlackElo "2067"]
[PlyCount "84"]
[EventDate "2011.07.08"]

1. d4 d5 2. c4 Nf6 3. cxd5 Nxd5 4. e4 Nb6 5. Bb5+ Bd7 6. Bd3 e6 7. Nf3 c5 8.
Nc3 cxd4 9. Nxd4 Nc6 10. Be3 Bb4 11. O-O Bxc3 12. bxc3 O-O 13. f4 Na5 14. Qe2
Rc8 15. Rac1 Nbc4 16. e5 Nxe3 17. Qxe3 g6 18. Rf3 Nc6 19. Ne2 Ne7 20. f5 Nxf5
21. Bxf5 exf5 22. Qh6 Qe7 23. Rh3 f6 24. Nf4 Qg7 25. Qxg7+ Kxg7 26. e6 Bc6 27.
Rd3 Rc7 28. Rd6 Re8 29. c4 Rce7 30. Re1 Be4 31. Rd7 Kh6 32. Red1 g5 33. Nd5
Rxe6 34. Rxb7 Rc8 35. Rd4 Ra6 36. Rb2 Ra3 37. Nxf6 Rd3 38. Rxd3 Bxd3 39. Rb7 a6
40. Nxh7 Kg6 41. h4 gxh4 42. c5 Bb5 0-1

[Event "Int. Championship of Central Serbia - OP"]
[Site "Paracin"]
[Date "2011.07.12"]
[Round "5.8"]
[White "Drobne, Marjan"]
[Black "Filipovic, Tomislav S"]
[Result "1-0"]
[WhiteElo "2060"]
[BlackElo "1912"]
[PlyCount "49"]
[EventDate "2011.07.08"]

1. e4 c5 2. Nf3 e6 3. d4 cxd4 4. Nxd4 Nc6 5. Be3 Nf6 6. Nc3 a6 7. Be2 Be7 8.
O-O O-O 9. f4 d6 10. Kh1 Qc7 11. Bf3 Bd7 12. Nb3 Be8 13. a4 Rc8 14. Qe1 Kh8 15.
Qf2 Nd7 16. Rad1 Na5 17. Nxa5 Qxa5 18. Bd4 Qc7 19. Qg3 Rg8 20. f5 Ne5 21. Qh3
Bd7 22. Bxe5 dxe5 23. Bg4 Qc6 24. Rf3 Rcd8 25. Qxh7+ 1-0

[Event "Int. Championship of Central Serbia - OP"]
[Site "Paracin"]
[Date "2011.07.12"]
[Round "5.9"]
[White "Radovic, Luka"]
[Black "Radovanovic, Miroljub B"]
[Result "1/2-1/2"]
[WhiteElo "1910"]
[BlackElo "2018"]
[PlyCount "83"]
[EventDate "2011.07.08"]

1. Nf3 c5 2. g3 Nc6 3. Bg2 Nf6 4. c4 g6 5. b3 Bg7 6. Bb2 O-O 7. O-O d6 8. d3 e5
9. Na3 Re8 10. e4 h6 11. Nc2 Be6 12. a3 a5 13. Bc3 Qd7 14. b4 axb4 15. axb4 b6
16. Re1 Bg4 17. Qd2 Nd4 18. Nfxd4 cxd4 19. Bb2 Ra4 20. Rxa4 Qxa4 21. Ra1 Qc6
22. b5 Qb7 23. Qb4 Bf8 24. Qa4 Nd7 25. Nb4 Nc5 26. Qa7 Rb8 27. Nc6 Qxa7 28.
Rxa7 Rb7 29. Rxb7 Nxb7 30. Ba3 f6 31. f3 Be6 32. Kf2 Kf7 33. Ke2 Ke8 34. Bb4 g5
35. g4 Nc5 36. Bxc5 dxc5 37. Kd2 Kd7 38. Bf1 Kc7 39. Be2 Bg7 40. Bd1 h5 41. h3
h4 42. Ke2 1/2-1/2

[Event "Int. Championship of Central Serbia - OP"]
[Site "Paracin"]
[Date "2011.07.12"]
[Round "5.10"]
[White "Nikolic, Vladimir"]
[Black "Nikolic, Milan"]
[Result "1-0"]
[WhiteElo "1999"]
[BlackElo "1885"]
[PlyCount "75"]
[EventDate "2011.07.08"]

1. Nf3 Nf6 2. d4 c5 3. d5 d6 4. c4 g6 5. Nc3 Bg7 6. Qc2 O-O 7. e4 Qa5 8. Bd2
Na6 9. Be2 Ng4 10. O-O f5 11. h3 Ne5 12. a3 Nb8 13. Nxe5 Bxe5 14. Bh6 Rf7 15.
exf5 Bxf5 16. Bd3 Bxd3 17. Qxd3 Nd7 18. f4 Bd4+ 19. Kh1 Re8 20. Rf3 e5 21. dxe6
Rxe6 22. Nd5 Re1+ 23. Rxe1 Qxe1+ 24. Rf1 Qe6 25. b4 Nb6 26. bxc5 dxc5 27. f5
gxf5 28. Qg3+ Bg7 29. Bxg7 Rxg7 30. Qb8+ Nc8 31. Nf4 Qd7 32. Qe5 b6 33. Nh5 Rg6
34. Nf6+ Rxf6 35. Qxf6 Ne7 36. h4 Qd3 37. Rf3 Qe2 38. h5 1-0

[Event "Int. Championship of Central Serbia - OP"]
[Site "Paracin"]
[Date "2011.07.12"]
[Round "5.11"]
[White "Djordjevic, Danilo"]
[Black "Milosavljevic, Milica"]
[Result "0-1"]
[WhiteElo "1996"]
[BlackElo "1881"]
[PlyCount "78"]
[EventDate "2011.07.08"]

1. e4 c5 2. c3 Qa5 3. a3 Nc6 4. Nf3 d6 5. d4 cxd4 6. b4 Qc7 7. cxd4 Bg4 8. Bb2
e6 9. d5 exd5 10. exd5 Qe7+ 11. Be2 Bxf3 12. gxf3 Ne5 13. Qa4+ Nd7 14. Nc3 f5
15. O-O-O Kf7 16. Bd3 Ne5 17. Rhe1 Nxd3+ 18. Rxd3 Qxe1+ 19. Rd1 Qe8 20. b5 Nf6
21. Qf4 Qe5 22. Qg5 h6 23. Qh4 g5 24. Qc4 Qf4+ 25. Qxf4 gxf4 26. Ne2 h5 27.
Nxf4 Bh6 28. Rd4 Bxf4+ 29. Rxf4 Kg6 30. Kb1 Rhe8 31. Rd4 Rac8 32. Ra4 Re1+ 33.
Ka2 Re2 34. Kb1 Rcc2 35. Bd4 Rcd2 36. Kc1 Nxd5 37. h4 Nc7 38. Be3 Rc2+ 39. Kb1
Nxb5 0-1

[Event "Int. Championship of Central Serbia - OP"]
[Site "Paracin"]
[Date "2011.07.12"]
[Round "5.12"]
[White "Jaklin, Damir"]
[Black "Arsic, Djordje"]
[Result "1-0"]
[WhiteElo "1984"]
[BlackElo "1854"]
[PlyCount "155"]
[EventDate "2011.07.08"]

1. d4 Nf6 2. c4 e6 3. Nc3 Bb4 4. Qc2 b6 5. a3 Bxc3+ 6. Qxc3 Bb7 7. Bg5 h6 8.
Bh4 d6 9. f3 Nbd7 10. Bf2 Qe7 11. e4 e5 12. O-O-O exd4 13. Bxd4 O-O-O 14. Nh3
g5 15. Nf2 Rhg8 16. g4 Ne5 17. Be2 Nfd7 18. Rd2 Ng6 19. Nd1 Rde8 20. Ne3 Nh4
21. Nd5 Qe6 22. Bf2 Ng6 23. Bg3 f6 24. Ne3 Ne7 25. Rhd1 Ne5 26. Nd5 Rd8 27. b4
Nxd5 28. cxd5 Qd7 29. Rc2 a6 30. Kb2 Kb8 31. Rdc1 Rc8 32. Qb3 Rg7 33. a4 Rh7
34. a5 b5 35. Qe3 c6 36. Qb6 Qc7 37. Bxe5 dxe5 38. dxc6 Qxb6 39. axb6 Ba8 40.
b7 Bxb7 41. cxb7 Rxc2+ 42. Rxc2 Kxb7 43. Bf1 Rd7 44. Kc1 Re7 45. Rd2 Kc7 46.
Kb2 Re8 47. Rd5 Kc6 48. Kc3 Rf8 49. Rd2 Kc7 50. h4 Re8 51. Rh2 Re6 52. hxg5
fxg5 53. Kb3 Rf6 54. Be2 Rd6 55. Kc3 Re6 56. Rh1 Rc6+ 57. Kd2 Re6 58. Ke3 Kd6
59. Rd1+ Kc7 60. Rd5 Re8 61. Rc5+ Kb7 62. Bxb5 axb5 63. Rxb5+ Kc6 64. Rc5+ Kb6
65. Kd3 Re7 66. Kc4 Re8 67. Kd5 Rf8 68. Rc6+ Kb5 69. Rxh6 Rxf3 70. Rg6 Kxb4 71.
Rxg5 Kb5 72. Kxe5 Kc6 73. Ke6 Rf8 74. Ke7 Ra8 75. Rg6+ Kc7 76. e5 Ra1 77. e6
Re1 78. Rg5 1-0

[Event "Int. Championship of Central Serbia - OP"]
[Site "Paracin"]
[Date "2011.07.12"]
[Round "5.13"]
[White "Brinovec, David"]
[Black "Kosir, Franci"]
[Result "1/2-1/2"]
[WhiteElo "1795"]
[BlackElo "1978"]
[PlyCount "41"]
[EventDate "2011.07.08"]

1. e4 c5 2. c3 b6 3. d4 Bb7 4. d5 Nf6 5. Bd3 g6 6. f4 Bg7 7. Nf3 O-O 8. c4 d6
9. Nc3 e6 10. O-O exd5 11. cxd5 Ba6 12. Qe2 Bxd3 13. Qxd3 Re8 14. b3 Nxe4 15.
Bb2 Nxc3 16. Bxc3 Bxc3 17. Qxc3 Nd7 18. Qd3 a6 19. a4 Nf6 20. f5 Nd7 21. fxg6
1/2-1/2

[Event "Int. Championship of Central Serbia - OP"]
[Site "Paracin"]
[Date "2011.07.12"]
[Round "5.14"]
[White "Djukanovic, Mitar"]
[Black "Cvetkovski, Slobodan"]
[Result "0-1"]
[WhiteElo "1719"]
[BlackElo "1957"]
[PlyCount "48"]
[EventDate "2011.07.08"]

1. d4 d5 2. Bg5 c6 3. Nf3 Nd7 4. e3 Ngf6 5. Bd3 e6 6. c3 Be7 7. Nbd2 Qc7 8. Qc2
h6 9. Bf4 Bd6 10. Bxd6 Qxd6 11. e4 dxe4 12. Nxe4 Nxe4 13. Bxe4 Nf6 14. Bd3 O-O
15. O-O-O b5 16. Rhe1 a5 17. Ne5 a4 18. f4 Nd5 19. f5 exf5 20. Bxf5 Bxf5 21.
Qxf5 a3 22. Qc2 axb2+ 23. Qxb2 Ra3 24. Kd2 Nxc3 0-1

[Event "Int. Championship of Central Serbia - OP"]
[Site "Paracin"]
[Date "2011.07.12"]
[Round "5.15"]
[White "Zajic, Milun"]
[Black "Ostojic, Nikola M"]
[Result "1/2-1/2"]
[WhiteElo "1779"]
[BlackElo "2093"]
[PlyCount "137"]
[EventDate "2011.07.08"]

1. c4 e6 2. g3 Nf6 3. Bg2 c5 4. Nc3 Be7 5. Nf3 d6 6. O-O a6 7. d3 O-O 8. b3 Qc7
9. Bb2 Bd7 10. Re1 Bc6 11. e4 Nbd7 12. d4 cxd4 13. Nxd4 Rab8 14. Qd2 Ne5 15. f4
Ng6 16. Nxc6 bxc6 17. Kh1 Rfd8 18. Qe2 Nd7 19. Bh3 Bf6 20. Rad1 Nc5 21. Rd2 a5
22. Qe3 e5 23. f5 Nf8 24. Ba3 Nb7 25. Bg2 h6 26. h4 Nd7 27. Na4 Be7 28. Red1
Rbc8 29. Kh2 Ra8 30. Kh3 Kh7 31. g4 g5 32. h5 Kg7 33. Bf1 f6 34. Be2 Kf8 35.
Kg2 Ke8 36. Kf3 Rac8 37. Kg3 Ra8 38. Kf3 Rab8 39. Kg3 Ndc5 40. Nxc5 Nxc5 41.
Bxc5 dxc5 42. Kf3 Rd4 43. a4 Rbd8 44. Qc3 R8d7 45. Kf2 Qb6 46. Ke3 Bd8 47. Rd3
Bc7 48. R3d2 Kd8 49. Rd3 Kc8 50. R3d2 Kb7 51. Rd3 Ka7 52. R3d2 Qb8 53. Rd3 Qd8
54. R1d2 R7d6 55. Rd1 Qd7 56. R1d2 Kb8 57. Bf1 Kc8 58. Be2 Kd8 59. Bf1 Ke7 60.
Be2 Rxd3+ 61. Rxd3 Rxd3+ 62. Qxd3 Qd4+ 63. Kd2 Qb2+ 64. Kd1 Qa1+ 65. Kd2 Qg1
66. Kc2 Qg2 67. Kd2 Qf2 68. Kc2 Qf4 69. Kd1 1/2-1/2

[Event "Int. Championship of Central Serbia - OP"]
[Site "Paracin"]
[Date "2011.07.12"]
[Round "5.19"]
[White "Amon, Nejc"]
[Black "Stojkovic, Dragan D"]
[Result "0-1"]
[WhiteElo "1646"]
[BlackElo "1905"]
[PlyCount "130"]
[EventDate "2011.07.08"]

1. e4 d6 2. d4 f5 3. Bd3 fxe4 4. Bxe4 Nf6 5. Bd3 Nc6 6. Nf3 Bg4 7. c3 e5 8.
dxe5 Nxe5 9. Be2 Qe7 10. Nxe5 Qxe5 11. Be3 Bd7 12. Nd2 Be7 13. Bd4 Qg5 14. g3
Bc6 15. Bf3 Bxf3 16. Nxf3 Qb5 17. Qc2 Qd5 18. Qe2 O-O-O 19. c4 Qh5 20. O-O-O
Rde8 21. Rhe1 Bd8 22. Qd3 b6 23. Nh4 g6 24. Qc3 Rhf8 25. Rxe8 Nxe8 26. Qd3 Kb7
27. Ng2 Qxh2 28. Nf4 Bg5 29. Qf3+ Kb8 30. Be3 Qh6 31. Rh1 Qg7 32. Qg4 Bxf4 33.
Bxf4 Nf6 34. Qf3 Re8 35. Bh6 Qf7 36. b3 Qe6 37. Bg5 Qe4 38. Qxe4 Nxe4 39. Re1
Re6 40. Bf4 Nc5 41. Rxe6 Nxe6 42. Bh6 Kb7 43. Kd2 Kc6 44. Kc3 b5 45. Be3 a6 46.
Kb4 Nd8 47. g4 Nf7 48. f4 Nh6 49. g5 Nf5 50. Bf2 Ng7 51. Be3 Ne6 52. Ka5 bxc4
53. bxc4 Kb7 54. Kb4 c5+ 55. Ka5 Nc7 56. Bxc5 dxc5 57. f5 gxf5 58. g6 hxg6 59.
a4 Nb5 60. axb5 axb5 61. Kxb5 f4 62. Ka5 f3 63. Ka4 f2 64. Kb5 f1=Q 65. Ka5 Qb1
0-1

[Event "Int. Championship of Central Serbia - OP"]
[Site "Paracin"]
[Date "2011.07.12"]
[Round "5.21"]
[White "Velikic, Vule"]
[Black "Vidic, Teja"]
[Result "0-1"]
[WhiteElo "1900"]
[BlackElo "1797"]
[PlyCount "76"]
[EventDate "2011.07.08"]

1. d4 Nf6 2. Nf3 e6 3. Bg5 h6 4. Bh4 c5 5. e3 b6 6. Bd3 Bb7 7. O-O Be7 8. Nbd2
O-O 9. h3 cxd4 10. exd4 d6 11. c3 Nbd7 12. Rc1 a6 13. Re1 Re8 14. Bg3 Bf8 15.
Nc4 Bxf3 16. Qxf3 d5 17. Ne5 b5 18. a3 Qb6 19. Bb1 a5 20. Qd3 Red8 21. Bh4 Be7
22. Nxd7 Rxd7 23. Bxf6 Bxf6 24. Qh7+ Kf8 25. Qh8+ Ke7 26. Qh7 b4 27. f4 Rc8 28.
g4 bxc3 29. bxc3 Rxc3 30. Rxc3 Bxd4+ 31. Kh1 Bxc3 32. Re2 Qd4 33. Qd3 Qxf4 34.
Rc2 Be5 35. Ba2 Qg3 36. Qxg3 Bxg3 37. Kg2 Bd6 38. a4 Rb7 0-1

[Event "Int. Championship of Central Serbia - OP"]
[Site "Paracin"]
[Date "2011.07.12"]
[Round "5.22"]
[White "Gagic, Miroljub"]
[Black "Draskovic, Davor"]
[Result "1/2-1/2"]
[WhiteElo "1872"]
[BlackElo "1778"]
[PlyCount "100"]
[EventDate "2011.07.08"]

1. a3 d5 2. d4 Nf6 3. Nf3 e6 4. e3 Be7 5. c4 O-O 6. Nc3 b6 7. Be2 Bb7 8. O-O
Nbd7 9. Bd2 c5 10. Rc1 cxd4 11. exd4 dxc4 12. Bxc4 a6 13. Qe2 b5 14. Bb3 Nb6
15. Rfd1 Nbd5 16. Bg5 Nxc3 17. bxc3 Bxa3 18. Rc2 Be7 19. h3 Nd5 20. Bd2 Nb6 21.
Ne5 Bd5 22. Bxd5 Qxd5 23. Ra1 Bf6 24. Ng4 Nc4 25. Nxf6+ gxf6 26. Bh6 Kh8 27.
Bxf8 Rxf8 28. Rxa6 Rg8 29. f3 Qf5 30. Qe4 Qxh3 31. Ra8 Qh5 32. Rxg8+ Kxg8 33.
Qg4+ Qxg4 34. fxg4 Kg7 35. Kf2 Kg6 36. Ra2 Kg5 37. Ra7 Kxg4 38. Rxf7 Nd6 39.
Rg7+ Kf4 40. Rc7 Ke4 41. Rxh7 Kd3 42. Rh3+ Kc4 43. Ke2 Ne4 44. Re3 Nxc3+ 45.
Kd2 Nd5 46. Rxe6 Kxd4 47. Re8 f5 48. g3 b4 49. Rf8 Ke4 50. Re8+ Kd4 1/2-1/2

[Event "Int. Championship of Central Serbia - OP"]
[Site "Paracin"]
[Date "2011.07.12"]
[Round "5.25"]
[White "Blagojevic, Nikola"]
[Black "Djuretanovic, Ivan"]
[Result "0-1"]
[WhiteElo "1567"]
[BlackElo "2077"]
[PlyCount "105"]
[EventDate "2011.07.08"]

1. e4 e5 2. Nf3 Nc6 3. Bb5 a6 4. Bxc6 dxc6 5. d4 exd4 6. Qxd4 Bg4 7. Qxd8+ Rxd8
8. Nbd2 Bc5 9. O-O Ne7 10. h3 Bh5 11. Nb3 Ba7 12. Bf4 Kd7 13. g4 Bg6 14. Ne5+
Kc8 15. Nxg6 Nxg6 16. Bg3 h5 17. Kg2 h4 18. Bh2 Rhe8 19. f3 Be3 20. Rad1 b6 21.
Rd3 Rxd3 22. cxd3 Rd8 23. Rd1 c5 24. Kf1 Bf4 25. Bg1 Ne5 26. Ke2 c4 27. dxc4
Rxd1 28. Kxd1 Nxf3 29. Bd4 Ng5 30. Bxg7 Nxh3 31. Ke2 Ng5 32. Bh6 h3 33. Kf1 c5
34. Bxg5 Bxg5 35. Na1 Kd7 36. Nc2 Ke6 37. Ne1 Ke5 38. Nf3+ Kf4 39. Nh2 Kxe4 40.
Kf2 Bh4+ 41. Kf1 Bg3 42. Kg1 Kf4 43. Nf1 Kxg4 44. Ne3+ Kh4 45. Nd5 b5 46. cxb5
axb5 47. b3 c4 48. bxc4 bxc4 49. a4 Be5 50. a5 c3 51. Nxc3 Bxc3 52. a6 Bd4+ 53.
Kh1 0-1